01261 a2200277 4500003000500000005001700005010001600022020002800038020002700066040000900093082001600102245006200118250001300180260006500193300003300258440004800291505012000339650004700459700002900506740004300535942001200578999001900590952012400609952012300733952012700856Nust20221117141200.0 a 91033360 a0818623616 (microfiche) a0818623624 (casebound) cNust00a621.367,CHE00aDigital image processing /c[compiled by] Rama Chellappa. aRev. ed. aLos Alamitos, Calif. :bIEEE Computer Society Press,cc1992. aix, 801 p. :bill. ;c29 cm. 0aIEEE Computer Society Press tutorial994483 aImage Models (Page-1), Image Restoration (Page-260), Image Data Compression (Page-401), Emerging Topics (Page-697). 0aImage processingxDigital techniques.96731 aChellappa, Rama.91011290 aDigital image processing and analysis. 2ddccBK c176878d176878 00102ddc4070aMCSbMCScREFd2016-12-12o621.367,CHEpMCS516r2016-12-08w2016-12-12yREFzAlmirah No.71, Shelf No.1 00102ddc4070aMCSbMCScGENd2016-12-12o621.367,CHEpMCS517r2016-12-08w2016-12-12yBKzAlmirah No.30, Shelf No.2 00102ddc4070aMCSbMCScREFd2023-02-21l0o621.367,CHEpMCS518r2023-02-21w2023-02-21yREFzAlmirah No.71, Shelf No.1